000
00304nam a2200145Ia 4500
100
_a
Leonhard/W/ Simon/Barry
942
_c
RB
654
_a
Computer
245
_a
PC Mom
260
_b
Addison Wesley Pub
_a
New Delhi
_c
1994
082
_a
4.165
_b
LEO
300
_a
720
546
_a
ENGLISH
999
_c
20465
_d
20465